Normal view
MARC view
Entry Personal Name
001 - CONTROL NUMBER
- control field: 528912
003 - CONTROL NUMBER IDENTIFIER
- control field: OSt
005 - DATE AND TIME OF LATEST TRANSACTION
- control field: 20220930071755.0
008 - FIXED-LENGTH DATA ELEMENTS
- fixed length control field: 220930|| aca||aabn | a|a d
040 ## - CATALOGING SOURCE
- Original cataloging agency: OSt
- Transcribing agency: OSt
100 ## - HEADING--PERSONAL NAME
- Personal name: Aggrawal Uma Rani
670 ## - SOURCE DATA FOUND
- Source citation: Work cat.: (OSt)862811: Aggrawal Uma Rani, Raja Shiv Prasad sitar-e-hind aur Raja Laxman Singh ka hindi bhasha ke vikas mein yogdan, 1975
